01152nac a22002531u 4500010001700000020001500017082001900032090001100051100003400062245007600096246002200172250001200194260003100206300009200237538009600329650002300425700002200448856009800470856009000568856007800658942002100736999001100757952013000768 a 2003270579 a047145233500a621.319bD6955 c84d84 aDorf, Richard C. 10aIntroduction to electric circuits /cRichard C. Dorf, James A. Svoboda.3 aElectric circuits a6th ed. aNew York :bWiley,cc2004. axxii, 809 p. :bill. (some col.) ;c26 cm. +e1 computer laser optical disc (4 3/4 in.) aSystem requirements for accompanying computer disc: Windows 95, 98, NT, 2000 and Macintosh. 0aElectric circuits.1 aSvoboda, James A.423Contributor biographical informationuhttp://www.loc.gov/catdir/bios/wiley046/2003270579.html423Publisher descriptionuhttp://www.loc.gov/catdir/description/wiley039/2003270579.html423Table of contentsuhttp://www.loc.gov/catdir/toc/wiley032/2003270579.html cBBk621.319D6955 c84d84 00104070aMAINbMAINc1STd2005-12-18ePurchasel4m23o621.319 DORp000004697r2025-07-15 00:00:00s2018-12-04v366.00yBB